NORMALIZACE SÉROLOGICKÝCH NÁLEZŮ PO ÚČINNÉ ANTIBIOTIKOTERAPII CHLAMYDIOVÝCH INFEKCÍ

Bibliographic Details
Main Authors: Hejnarová, E. (Author), Kolář, M. (Author), Hejnar, P. (Author)
Format: Article
Language:Czech

MARC

LEADER 00000nab a2200000uu 4500
001 vtls011485746
003 SK-MaSNL
005 20260303113706.0
008 230121|2006 xo |||||||||||||||||cze|
015 |a SNBRB 
035 |a (urnnbn)urn:nbn:sk:snk:ar-0078w1 
035 |a (uuid)efbd727c-27d4-4658-8ab2-8e79a434c2e4 
035 |a urn:nbn:sk:snk-abdc1j 
040 |a SNKBUCL  |b slo  |c SNKBUCL  |e AACR2 
041 0 |a cze 
044 |a xo  |c SK 
100 1 |a Hejnarová, E.  |4 aut  |9 1127600 
245 1 0 |a NORMALIZACE SÉROLOGICKÝCH NÁLEZŮ PO ÚČINNÉ ANTIBIOTIKOTERAPII CHLAMYDIOVÝCH INFEKCÍ  |c P. Hejnar, M. Kolář, E. Hejnarová 
700 1 |a Kolář, M.  |4 aut  |9 971326 
700 1 |a Hejnar, P.  |4 aut  |9 1127601 
773 0 |t Antibiotiká a rezistencia : interdisciplinárny časopis pre klinickú a laboratórnu medicínu  |g Roč. 5, č. 2 (2006), s. 18-21 
954 |a odborná, vedecká literatúra cudzojazyčná (svetová)  |2 lita 
958 |a OND 
958 |a EUIPO 
958 |a article18 
999 |c 1894142  |d 1896072